Entry Nombre personal
001 - NÚMERO DE CONTROL
- campo de control: 155208
003 - IDENTIFICADOR DE NÚMERO DE CONTROL
- campo de control: SpMaBN
005 - FECHA Y HORA DE LA ÚLTIMA TRANSACCIÓN
- campo de control: 20250727050423.0
008 - ELEMENTOS DE DATO DE LONGITUD-FIJA
- campo de control de longitud fija: 010914n| aijnnaabn |a aac
016 ## - NÚMERO DE CONTROL DE UNA AGENCIA BIBLIOGRÁFICA NACIONAL
- Número de control del registro: BNE20012327598
040 ## - FUENTE DE CATALOGACIÓN
- Centro catalogador/agencia de origen: SpMaBN
- Lengua de catalogación: spa
- Centro/agencia transcriptor: SpMaBN
- Normas de descripción: rdc
- Convención/Normas de encabezamiento de materia/tesauro: embne
046 ## - FECHAS CON CODIFICACIÓN ESPECIAL
- Fecha de nacimiento: 1732
- Fecha de la muerte: 1813
100 1# - ENCABEZAMIENTO-NOMBRE DE PERSONA
- Nombre de persona: Silva, José de Seabra da,
- Fechas asociadas al nombre: 1732-1813
400 1# - TRAZADO DE VÉASE--NOMBRE DE PERSONA
- Nombre de persona: Seabra da Silva, José de,
- Fechas asociadas al nombre: 1732-1813
400 1# - TRAZADO DE VÉASE--NOMBRE DE PERSONA
- Nombre de persona: Seabra da Sylva, Joseph de,
- Fechas asociadas al nombre: 1732-1813
670 ## - FUENTE DE DATOS ENCONTRADOS
- Cita de la fuente: WWW Portbase BN Portugal, 28-3-2006
- Información encontrada: (Silva, José de Seabra da, 1732-1813)
678 ## - DATOS BIOGRÁFICOS O HISTÓRICOS
- Datos biográficos o históricos: Hidalgo caballero y procurador general de la Corona de Portugal en el reinado de D. José I
